| 000 | 00595nam a22002177a 4500 | ||
|---|---|---|---|
| 999 |
_c794 _d794 |
||
| 001 | 10656 | ||
| 003 | BD-DhUAP | ||
| 005 | 20200128105014.0 | ||
| 008 | 200128s2006 ii ||||| |||| 00| 0 eng d | ||
| 020 | _a9848711117 | ||
| 040 |
_aBD-DhUAP _bEng _cBD-DhUAP _dBD-DhUAP |
||
| 082 |
_223 _a341.481 AHA |
||
| 100 | _aAhamuduzzaman. | ||
| 245 |
_aInternational human rights law / _cAhamuduzzaman. |
||
| 260 |
_aDhaka : _bOsder publications, _cc2006. |
||
| 300 |
_aix, 128 pages ; _c22 cm. |
||
| 500 | _aIncludes index. | ||
| 650 |
_aLAW _v International. |
||
| 650 | _a Human rights. | ||
| 942 |
_2ddc _cBK |
||